| 000 | 00375cam a22001217a 4500 | ||
|---|---|---|---|
| 008 | 180718b1958 xxu||||| |||| 00| 0 eng d | ||
| 082 | _aR8x73 Sh64 | ||
| 100 | _aShippen, Katherine B. | ||
| 245 |
_aThis union cause: the growth of organized labor in America _cby Katherine B. Shippen |
||
| 260 |
_aNew York _bHarper _c1958 |
||
| 300 | _a180p. | ||
| 650 | _aOrganized labor-America | ||
| 999 |
_c434943 _d434943 |
||